书目信息 |
| 题名: |
任仲夷点评于光远超短文
|
|
| 作者: | 任仲夷, , 于光远, 著 | |
| 分册: | ||
| 出版信息: | 深圳 海天出版社 2000 |
|
| 页数: | 243页 | |
| 开本: | 21cm | |
| 丛书名: | ||
| 单 册: | ||
| 中图分类: | C52 | |
| 科图分类: | ||
| 主题词: | 社会科学--she hui ke xue--中国--文集 | |
| 电子资源: | ||
| ISBN: | 7-80654-150-0 | |
| 000 | 00903nam0 2200241 450 | |
| 001 | 012006245831 | |
| 005 | 20080826132945.93 | |
| 010 | @a7-80654-150-0@dCNY13.00 | |
| 100 | @a20060320d2000 km y0chiy0120 ea | |
| 101 | 0 | @achi |
| 102 | @aCN@b440000 | |
| 105 | @ay z 000yy | |
| 200 | 1 | @a任仲夷点评于光远超短文@Aren zhong yi dian ping yu guang yuan chao duan wen@f任仲夷, 于光远著@Fren zhong yi,yu guang yuan zhu |
| 210 | @a深圳@c海天出版社@d2000 | |
| 215 | @a243页@d21cm | |
| 330 | @a本书包括《办法总比困难多》、《应当幻想》、《小大由之》、《贵友》、《好玩》、《求规模》、《强》、《培养注意力》、《兴趣主义》等119篇点评文章。 | |
| 600 | 0 | @a于光远,@f1915-@x著作研究 |
| 606 | 0 | @a社会科学@Ashe hui ke xue@y中国@j文集 |
| 690 | @aC52@v4 | |
| 701 | 0 | @a任仲夷,@Aren zhong yi,@f1914-@4著 |
| 701 | 0 | @a于光远,@Ayu guang yuan,@f1915-@4著 |
| 801 | 0 | @aCN@bRULIN@c20080826 |
| 905 | @aZUCC@dC52@eR588 | |
| 任仲夷点评于光远超短文/任仲夷, 于光远著.-深圳:海天出版社,2000 |
| 243页;21cm |
| ISBN 7-80654-150-0:CNY13.00 |
| 本书包括《办法总比困难多》、《应当幻想》、《小大由之》、《贵友》、《好玩》、《求规模》、《强》、《培养注意力》、《兴趣主义》等119篇点评文章。 |
| ● |
| 相关链接 |
|
|
|
正题名:任仲夷点评于光远超短文
索取号:C52/R588
 
预约/预借
| 序号 | 登录号 | 条形码 | 馆藏地/架位号 | 状态 | 备注 |
| 1 | 713928 | 207139283 | 社科库509/509社科库 54排2列1层/ [索取号:C52/R588] | 在馆 | |
| 2 | 713929 | 207139292 | 社科库509/509社科库 54排2列1层/ [索取号:C52/R588] | 在馆 | |
| 3 | 713930 | 207139309 | 社科库509/509社科库 54排2列1层/ [索取号:C52/R588] | 在馆 |